000 00187 a2200097 4500
001 20649
100 _aG S I
245 _aPopular science
260 _a
_bG S I
_c
090 _c14955
_d14955
942 _aNUST-CAE
_cM
_c5508
999 _c255722
_d255722